[Event "d18"]
[Site "?"]
[Date "2014.03.30"]
[Round "9.1"]
[White "Dziodzio, Angelika"]
[Black "Czaplewska, Klara"]
[Result "1/2-1/2"]
[LiveChessVersion "1.4.2"]
[BlackElo "1742"]
[WhiteElo "1920"]

1. e4 {[%clk 1:30:57]} e5 {[%clk 1:30:55]} 2. Nf3 {[%clk 1:31:24]} Nc6
{[%clk 1:31:20]} 3. Bb5 {[%clk 1:31:49]} a6 {[%clk 1:31:43]} 4. Ba4
{[%clk 1:32:14]} Nf6 {[%clk 1:32:05]} 5. d4 {[%clk 1:32:40]} exd4
{[%clk 1:29:59]} 6. e5 {[%clk 1:33:01]} Ne4 {[%clk 1:30:14]} 7. O-O
{[%clk 1:33:25]} Nc5 {[%clk 1:30:25]} 8. Bxc6 {[%clk 1:33:47]} dxc6
{[%clk 1:30:28]} 9. Nxd4 {[%clk 1:34:11]} Qh4 {[%clk 1:19:17]} 10. Be3
{[%clk 1:29:37]} Bg4 {[%clk 1:14:58]} 11. f3 {[%clk 1:28:11]} Bd7
{[%clk 1:15:09]} 12. Qd2 {[%clk 1:23:48]} Be7 {[%clk 1:10:16]} 13. b4
{[%clk 1:21:37]} Ne6 {[%clk 1:02:43]} 14. Nxe6 {[%clk 1:20:23]} Bxe6
{[%clk 1:02:32]} 15. c3 {[%clk 1:18:46]} O-O {[%clk 1:02:08]} 16. Qc2
{[%clk 1:15:47]} Qh5 {[%clk 0:56:43]} 17. f4 {[%clk 1:13:14]} Bf5
{[%clk 0:55:39]} 18. Qd1 {[%clk 1:05:14]} Qxd1 {[%clk 0:55:07]} 19. Rxd1
{[%clk 1:05:37]} Rad8 {[%clk 0:55:25]} 20. Rd2 {[%clk 1:01:46]} Rxd2
{[%clk 0:52:00]} 21. Nxd2 {[%clk 1:02:07]} Rd8 {[%clk 0:52:18]} 22. Kf2
{[%clk 0:59:33]} b6 {[%clk 0:46:08]} 23. h3 {[%clk 0:58:51]} h5 {[%clk 0:45:28]}
24. a3 {[%clk 0:56:38]} f6 {[%clk 0:41:02]} 25. Nf3 {[%clk 0:54:26]} c5
{[%clk 0:33:59]} 26. Rc1 {[%clk 0:50:33]} fxe5 {[%clk 0:30:15]} 27. Nxe5
{[%clk 0:50:52]} Bf6 {[%clk 0:25:43]} 28. bxc5 {[%clk 0:50:52]} bxc5
{[%clk 0:25:59]} 29. Bxc5 {[%clk 0:50:04]} Rd5 {[%clk 0:26:03]} 30. Be3
{[%clk 0:49:32]} Bxe5 {[%clk 0:25:54]} 31. fxe5 {[%clk 0:49:50]} Rxe5
{[%clk 0:26:01]} 32. Bf4 {[%clk 0:45:26]} Rc5 {[%clk 0:25:00]} 33. Ke3
{[%clk 0:45:21]} Rc4 {[%clk 0:24:44]} 34. h4 {[%clk 0:42:04]} c6 {[%clk 0:23:07]}
35. g3 {[%clk 0:42:26]} Kf7 {[%clk 0:23:19]} 36. Kd2 {[%clk 0:41:53]} g6
{[%clk 0:22:57]} 37. Be3 {[%clk 0:39:49]} Ke6 {[%clk 0:22:38]} 38. Bd4
{[%clk 0:40:02]} Ra4 {[%clk 0:21:48]} 39. Re1+ {[%clk 0:36:28]} Kd7
{[%clk 0:20:41]} 40. Bc5 {[%clk 1:06:38]} Re4 {[%clk 0:49:45]} 1/2-1/2

[Event "d18"]
[Site "?"]
[Date "2014.03.30"]
[Round "9.2"]
[White "Maruszczak, Joanna"]
[Black "Jarmuzek, Karolina"]
[Result "1/2-1/2"]
[LiveChessVersion "1.4.2"]
[BlackElo "1698"]
[WhiteElo "1889"]

1. e4 {[%clk 1:30:59]} c5 {[%clk 1:30:54]} 2. Nf3 {[%clk 1:31:24]} Nc6
{[%clk 1:31:11]} 3. Bb5 {[%clk 1:31:48]} d6 {[%clk 1:31:09]} 4. d4
{[%clk 1:31:31]} cxd4 {[%clk 1:31:01]} 5. Qxd4 {[%clk 1:31:34]} Bd7
{[%clk 1:30:32]} 6. Bxc6 {[%clk 1:31:57]} Bxc6 {[%clk 1:30:27]} 7. Nc3
{[%clk 1:32:18]} Nf6 {[%clk 1:29:37]} 8. Bg5 {[%clk 1:32:37]} e6 {[%clk 1:28:44]}
9. O-O-O {[%clk 1:32:43]} Be7 {[%clk 1:28:14]} 10. Rhe1 {[%clk 1:32:24]} h6
{[%clk 1:12:17]} 11. Be3 {[%clk 1:10:43]} O-O {[%clk 1:09:10]} 12. h3
{[%clk 1:10:23]} Qc7 {[%clk 1:04:58]} 13. g4 {[%clk 1:05:21]} Nh7
{[%clk 0:57:47]} 14. Nd2 {[%clk 1:02:38]} b5 {[%clk 0:55:53]} 15. f4
{[%clk 0:51:22]} Rfc8 {[%clk 0:51:21]} 16. Nb3 {[%clk 0:41:40]} a5
{[%clk 0:42:16]} 17. Qb6 {[%clk 0:21:44]} Qxb6 {[%clk 0:37:24]} 18. Bxb6
{[%clk 0:22:04]} a4 {[%clk 0:36:32]} 19. Nd4 {[%clk 0:16:16]} b4 {[%clk 0:34:22]}
20. Nb1 {[%clk 0:15:34]} Be8 {[%clk 0:30:39]} 21. Ne2 {[%clk 0:13:35]} Nf6
{[%clk 0:25:25]} 22. Ng3 {[%clk 0:12:05]} Nd7 {[%clk 0:23:10]} 23. Bf2
{[%clk 0:11:54]} Nc5 {[%clk 0:20:18]} 24. Bxc5 {[%clk 0:05:15]} Rxc5
{[%clk 0:20:41]} 25. Re3 {[%clk 0:05:00]} Bc6 {[%clk 0:13:56]} 26. Rd4
{[%clk 0:04:16]} d5 {[%clk 0:12:17]} 27. e5 {[%clk 0:04:03]} Rb5 {[%clk 0:11:37]}
28. Rdd3 {[%clk 0:03:15]} Bc5 {[%clk 0:11:23]} 29. Re1 {[%clk 0:03:04]} Rc8
{[%clk 0:11:10]} 30. Ne2 {[%clk 0:02:05]} Ba8 {[%clk 0:08:20]} 31. Nd4
{[%clk 0:02:04]} Rb7 {[%clk 0:05:40]} 32. Re2 {[%clk 0:01:27]} Rbc7
{[%clk 0:05:22]} 33. Nb5 {[%clk 0:01:33]} Rd7 {[%clk 0:05:10]} 34. Nd4
{[%clk 0:01:58]} Bb7 {[%clk 0:05:13]} 35. Red2 {[%clk 0:02:03]} Ba6
{[%clk 0:05:21]} 36. Rg3 {[%clk 0:02:01]} Rdc7 {[%clk 0:05:31]} 37. c3
{[%clk 0:02:15]} bxc3 {[%clk 0:03:38]} 38. Rxc3 {[%clk 0:01:28]} Bb4
{[%clk 0:03:44]} 39. Rxc7 {[%clk 0:00:58]} Bxd2+ {[%clk 0:04:03]} 40. Kxd2
{[%clk 0:30:37]} Rxc7 {[%clk 0:34:28]} 41. b3 {[%clk 0:27:56]} axb3
{[%clk 0:31:36]} 42. axb3 {[%clk 0:27:55]} Kf8 {[%clk 0:23:46]} 43. h4
{[%clk 0:27:44]} Ke7 {[%clk 0:23:15]} 44. Nc3 {[%clk 0:27:41]} Rc8
{[%clk 0:21:05]} 45. Na4 {[%clk 0:23:09]} Rc7 {[%clk 0:13:51]} 46. Nc3
{[%clk 0:23:25]} Rc8 {[%clk 0:13:21]} 47. Na4 {[%clk 0:23:48]} Rc7
{[%clk 0:10:40]} 48. Nc3 1/2-1/2

[Event "d18"]
[Site "?"]
[Date "2014.03.30"]
[Round "9.3"]
[White "Rudnik, Anna"]
[Black "Gora, Antonina"]
[Result "0-1"]
[LiveChessVersion "1.4.2"]
[BlackElo "1792"]
[WhiteElo "1726"]

1. e4 {[%clk 1:30:58]} c5 {[%clk 1:30:54]} 2. Nf3 {[%clk 1:31:20]} e6
{[%clk 1:31:07]} 3. d4 {[%clk 1:31:40]} cxd4 {[%clk 1:31:28]} 4. Nxd4
{[%clk 1:32:03]} Nc6 {[%clk 1:31:46]} 5. Be3 {[%clk 1:19:53]} a6 {[%clk 1:31:37]}
6. c4 {[%clk 1:18:24]} Nf6 {[%clk 1:29:05]} 7. Nxc6 {[%clk 1:15:46]} bxc6
{[%clk 1:29:27]} 8. f3 {[%clk 1:14:55]} Bb4+ {[%clk 1:27:41]} 9. Nd2
{[%clk 1:12:56]} O-O {[%clk 1:24:39]} 10. e5 {[%clk 1:07:21]} Ne8
{[%clk 1:24:35]} 11. a3 {[%clk 1:06:40]} Be7 {[%clk 1:23:14]} 12. Qc2
{[%clk 0:58:44]} f6 {[%clk 1:22:22]} 13. exf6 {[%clk 0:58:10]} Nxf6
{[%clk 1:22:20]} 14. Rd1 {[%clk 0:55:54]} Qc7 {[%clk 1:16:17]} 15. Be2
{[%clk 0:50:10]} d5 {[%clk 1:10:45]} 16. Nb3 {[%clk 0:43:47]} Bd6
{[%clk 1:07:08]} 17. g3 {[%clk 0:35:45]} Kh8 {[%clk 0:58:00]} 18. c5
{[%clk 0:30:08]} Be7 {[%clk 0:57:46]} 19. Kd2 {[%clk 0:28:27]} e5
{[%clk 0:56:45]} 20. Kc1 {[%clk 0:28:13]} a5 {[%clk 0:54:13]} 21. Kb1
{[%clk 0:26:02]} a4 {[%clk 0:53:10]} 22. Nc1 {[%clk 0:24:16]} d4 {[%clk 0:43:55]}
23. Bd2 {[%clk 0:21:56]} Be6 {[%clk 0:42:45]} 24. Bd3 {[%clk 0:20:37]} Rfb8
{[%clk 0:38:05]} 25. f4 {[%clk 0:16:14]} e4 {[%clk 0:30:58]} 26. Bc4
{[%clk 0:13:41]} d3 {[%clk 0:27:36]} 27. Qc3 {[%clk 0:12:24]} Nd5
{[%clk 0:25:01]} 28. Qe5 {[%clk 0:09:19]} Bf6 {[%clk 0:22:49]} 29. Qxc7
{[%clk 0:07:33]} Rxb2+ {[%clk 0:22:36]} 30. Ka1 {[%clk 0:07:57]} Nxc7
{[%clk 0:22:41]} 31. Bxe6 {[%clk 0:05:25]} Rxd2+ {[%clk 0:21:19]} 32. Kb1
{[%clk 0:05:52]} Rb2+ {[%clk 0:21:28]} 0-1

[Event "d18"]
[Site "?"]
[Date "2014.03.30"]
[Round "9.4"]
[White "Rykala, Monika"]
[Black "Lascar, Radoslawa"]
[Result "1-0"]
[LiveChessVersion "1.4.2"]
[BlackElo "1706"]
[WhiteElo "1862"]

1. d4 {[%clk 1:30:57]} Nf6 {[%clk 1:30:53]} 2. c4 {[%clk 1:31:17]} e5
{[%clk 1:31:10]} 3. dxe5 {[%clk 1:29:27]} Ng4 {[%clk 1:31:30]} 4. Nf3
{[%clk 1:29:30]} Bc5 {[%clk 1:31:46]} 5. e3 {[%clk 1:29:39]} Nc6 {[%clk 1:32:00]}
6. Nc3 {[%clk 1:27:23]} Ngxe5 {[%clk 1:29:49]} 7. Be2 {[%clk 1:26:35]} O-O
{[%clk 1:29:26]} 8. O-O {[%clk 1:26:47]} Nxf3+ {[%clk 1:22:06]} 9. Bxf3
{[%clk 1:27:07]} Ne5 {[%clk 1:22:21]} 10. Be2 {[%clk 1:26:00]} a5
{[%clk 1:21:29]} 11. Rb1 {[%clk 1:23:35]} Ra6 {[%clk 1:16:07]} 12. Qd5
{[%clk 1:13:29]} Qe7 {[%clk 1:15:06]} 13. Na4 {[%clk 1:11:22]} Ba7
{[%clk 1:08:29]} 14. b3 {[%clk 1:02:16]} Re8 {[%clk 1:01:48]} 15. Bb2
{[%clk 0:52:54]} Rh6 {[%clk 0:32:49]} 16. Qxa5 {[%clk 0:49:35]} Bb8
{[%clk 0:17:48]} 17. Qxe5 {[%clk 0:45:35]} Qxe5 {[%clk 0:17:57]} 18. Bxe5
{[%clk 0:46:04]} Rxe5 {[%clk 0:18:20]} 19. Rbd1 {[%clk 0:37:26]} d6
{[%clk 0:16:54]} 20. c5 {[%clk 0:23:35]} d5 {[%clk 0:17:04]} 21. Bf3
{[%clk 0:23:31]} c6 {[%clk 0:16:53]} 22. g3 {[%clk 0:23:28]} Bf5 {[%clk 0:12:55]}
23. Rd4 {[%clk 0:22:01]} Rhe6 {[%clk 0:08:13]} 24. Rfd1 {[%clk 0:19:55]} Be4
{[%clk 0:03:13]} 25. Bg4 {[%clk 0:18:52]} Re8 {[%clk 0:01:37]} 26. Rb4
{[%clk 0:06:22]} R5e7 {[%clk 0:01:00]} 27. Nb6 {[%clk 0:05:48]} f5
{[%clk 0:00:54]} 28. Bh3 {[%clk 0:04:21]} g5 {[%clk 0:00:59]} 29. Bg2
{[%clk 0:03:46]} Kf7 {[%clk 0:00:43]} 30. Na4 {[%clk 0:03:30]} Kf6
{[%clk 0:00:38]} 31. Rd2 {[%clk 0:02:41]} Bxg2 {[%clk 0:00:49]} 32. Kxg2
{[%clk 0:03:03]} Be5 {[%clk 0:01:03]} 33. Rb6 {[%clk 0:03:00]} Rb8
{[%clk 0:00:44]} 34. Rd3 {[%clk 0:02:08]} Bc7 {[%clk 0:00:59]} 35. Rb4
{[%clk 0:02:23]} Be5 {[%clk 0:01:00]} 36. Nc3 {[%clk 0:01:51]} Ra8
{[%clk 0:00:44]} 37. a4 {[%clk 0:01:15]} Ra5 {[%clk 0:00:53]} 38. Rb6
{[%clk 0:01:43]} Kf7 {[%clk 0:00:40]} 39. Nxd5 {[%clk 0:00:53]} cxd5
{[%clk 0:00:51]} 40. Rxd5 {[%clk 0:31:21]} Ra8 {[%clk 0:30:38]} 41. f4
{[%clk 0:28:34]} gxf4 {[%clk 0:29:19]} 42. exf4 {[%clk 0:25:35]} Bc3
{[%clk 0:28:08]} 43. Rxf5+ {[%clk 0:25:25]} Kg7 {[%clk 0:28:06]} 44. Rg5+
{[%clk 0:25:30]} Kf7 {[%clk 0:27:06]} 45. Rh6 {[%clk 0:24:43]} Rh8
{[%clk 0:27:07]} 46. Rd5 {[%clk 0:22:02]} Kg7 {[%clk 0:24:04]} 47. Rb6
{[%clk 0:21:11]} Ra8 {[%clk 0:21:32]} 48. Rd3 {[%clk 0:20:19]} Bf6
{[%clk 0:19:09]} 49. Kf3 {[%clk 0:17:54]} Rc7 {[%clk 0:12:45]} 50. Rb5
{[%clk 0:15:15]} Be7 {[%clk 0:10:15]} 51. Rd5 {[%clk 0:15:11]} Kf7
{[%clk 0:05:57]} 52. g4 {[%clk 0:11:33]} h6 {[%clk 0:02:55]} 53. Kg3
{[%clk 0:09:01]} Ra6 {[%clk 0:02:34]} 54. h4 {[%clk 0:06:34]} Re6
{[%clk 0:02:59]} 55. g5 {[%clk 0:05:07]} h5 {[%clk 0:01:46]} 56. Kf3
{[%clk 0:03:30]} Re1 {[%clk 0:01:43]} 57. b4 {[%clk 0:02:41]} Rc1
{[%clk 0:00:44]} 58. Rd2 {[%clk 0:01:50]} Rh1 {[%clk 0:00:40]} 59. Ke4
{[%clk 0:01:03]} Rxh4 {[%clk 0:00:41]} 60. Kf5 {[%clk 0:01:17]} Rh1
{[%clk 0:00:38]} 61. Rb6 {[%clk 0:00:42]} h4 {[%clk 0:00:35]} 62. Rh6
{[%clk 0:00:46]} Kg7 {[%clk 0:00:35]} 63. Kg4 {[%clk 0:00:52]} Ra1
{[%clk 0:00:39]} 64. a5 {[%clk 0:00:59]} Rb1 {[%clk 0:00:40]} 65. Rb6
{[%clk 0:00:57]} Rf1 {[%clk 0:00:39]} 66. Rd4 {[%clk 0:01:06]} Rh1
{[%clk 0:00:43]} 67. Rh6 {[%clk 0:01:23]} h3 {[%clk 0:00:39]} 68. Rxh3
{[%clk 0:01:32]} Rg1+ {[%clk 0:00:37]} 69. Rg3 {[%clk 0:01:39]} Re1
{[%clk 0:00:37]} 70. Rgd3 {[%clk 0:01:12]} Rg1+ {[%clk 0:00:36]} 71. Kf5
{[%clk 0:01:17]} Rc8 {[%clk 0:00:37]} 72. Re3 {[%clk 0:01:02]} Bxc5
{[%clk 0:00:39]} 73. Rd7+ {[%clk 0:01:10]} Kf8 {[%clk 0:00:43]} 74. bxc5
{[%clk 0:01:40]} Rxc5+ {[%clk 0:01:07]} 75. Re5 {[%clk 0:02:03]} Rxe5+
{[%clk 0:00:37]} 76. Kxe5 {[%clk 0:02:16]} Rb1 {[%clk 0:00:57]} 77. Kf6
{[%clk 0:02:19]} Ke8 {[%clk 0:00:39]} 78. Rd5 {[%clk 0:02:35]} b5
{[%clk 0:00:35]} 79. g6 {[%clk 0:01:56]} Rg1 {[%clk 0:00:35]} 80. Rxb5
{[%clk 0:02:09]} 1-0

[Event "d18"]
[Site "?"]
[Date "2014.03.30"]
[Round "9.5"]
[White "Murawko, Katarzyna"]
[Black "Mazur, Anna"]
[Result "1-0"]
[LiveChessVersion "1.4.2"]
[BlackElo "1709"]
[WhiteElo "1941"]

1. e4 c5 2. Nf3 e6 3. d4 cxd4 4. Nxd4 a6 5. Bd3 Qc7 6. O-O Nf6 7. Qe2 d6 8. c4
Nbd7 9. Nc3 Ne5 10. h3 Nxd3 11. Qxd3 Be7 12. f4 b6 13. b3 Bb7 14. f5 e5 15. Nc2
Rc8 16. Bd2 Qc5+ 17. Be3 Qc7 18. Nb4 b5 19. Ncd5 Nxd5 20. cxd5 O-O 21. Rac1 Qd7
22. Nc6 Bxc6 23. dxc6 Rxc6 24. Rxc6 Qxc6 25. f6 gxf6 26. Bh6 Kh8 27. Bxf8 Bxf8
28. Rxf6 Qc1+ 29. Rf1 Qc7 30. Qf3 Kg8 31. Kh1 Qe7 32. Qg4+ Kh8 33. Rc1 f6 34. Rc8
Qg7 35. Qe6 1-0

[Event "d18"]
[Site "?"]
[Date "2014.03.30"]
[Round "9.6"]
[White "Tracz, Marcelina"]
[Black "Pastuszko, Kinga"]
[Result "0-1"]
[LiveChessVersion "1.4.2"]
[BlackElo "1951"]
[WhiteElo "1769"]

1. e4 {[%clk 1:30:57]} c5 {[%clk 1:30:54]} 2. c3 {[%clk 1:31:16]} Nf6
{[%clk 1:25:14]} 3. e5 {[%clk 1:26:30]} Nd5 {[%clk 1:25:36]} 4. d4
{[%clk 1:23:36]} e6 {[%clk 1:20:47]} 5. Nf3 {[%clk 1:13:42]} cxd4
{[%clk 1:18:02]} 6. Nxd4 {[%clk 1:09:22]} d6 {[%clk 1:17:40]} 7. Bb5+
{[%clk 0:56:04]} Bd7 {[%clk 1:16:53]} 8. exd6 {[%clk 0:49:27]} Bxd6
{[%clk 1:15:42]} 9. Qg4 {[%clk 0:42:14]} Nf6 {[%clk 1:04:28]} 10. Qf3
{[%clk 0:39:30]} Qb6 {[%clk 1:02:52]} 11. Bxd7+ {[%clk 0:29:11]} Nbxd7
{[%clk 1:03:08]} 12. Nd2 {[%clk 0:28:45]} Ne5 {[%clk 1:01:16]} 13. Qe2
{[%clk 0:27:57]} Nd5 {[%clk 0:56:44]} 14. Ne4 {[%clk 0:23:53]} Bb8
{[%clk 0:56:15]} 15. O-O {[%clk 0:13:49]} O-O {[%clk 0:50:19]} 16. h4
{[%clk 0:06:12]} Qc7 {[%clk 0:47:36]} 17. g3 {[%clk 0:04:27]} a6 {[%clk 0:39:35]}
18. Ng5 {[%clk 0:03:26]} Qc4 {[%clk 0:35:58]} 19. Qc2 {[%clk 0:02:42]} Nf6
{[%clk 0:30:38]} 20. b3 {[%clk 0:02:17]} Qd3 {[%clk 0:27:52]} 21. Qxd3
{[%clk 0:02:35]} Nxd3 {[%clk 0:28:16]} 22. Rd1 {[%clk 0:02:55]} Nc5
{[%clk 0:27:58]} 23. Ba3 {[%clk 0:03:07]} Ba7 {[%clk 0:27:52]} 24. Nc2
{[%clk 0:01:23]} Rfc8 {[%clk 0:27:36]} 25. Nd4 {[%clk 0:01:15]} Nce4
{[%clk 0:26:27]} 26. c4 {[%clk 0:01:06]} Nc3 {[%clk 0:26:33]} 27. Bb2
{[%clk 0:00:40]} Nxd1 {[%clk 0:25:54]} 28. Rxd1 {[%clk 0:01:06]} Rd8
{[%clk 0:26:14]} 29. Ngf3 {[%clk 0:01:21]} Ng4 {[%clk 0:26:18]} 30. Rd2
{[%clk 0:00:50]} e5 {[%clk 0:25:51]} 31. Nf5 {[%clk 0:00:51]} Rxd2
{[%clk 0:25:39]} 32. Nxd2 {[%clk 0:01:12]} Nxf2 {[%clk 0:24:23]} 33. Bxe5
{[%clk 0:01:12]} Ne4+ {[%clk 0:24:24]} 0-1

[Event "d18"]
[Site "?"]
[Date "2014.03.30"]
[Round "9.7"]
[White "Korpalska, Joanna"]
[Black "Tarnowska, Aleksandra"]
[Result "1/2-1/2"]
[LiveChessVersion "1.4.2"]
[BlackElo "1792"]
[WhiteElo "1712"]

1. e4 {[%clk 1:30:56]} c5 {[%clk 1:30:50]} 2. c3 {[%clk 1:31:18]} d5
{[%clk 1:31:12]} 3. exd5 {[%clk 1:31:42]} Qxd5 {[%clk 1:31:34]} 4. d4
{[%clk 1:32:04]} e6 {[%clk 1:31:38]} 5. Nf3 {[%clk 1:32:24]} Nf6 {[%clk 1:31:40]}
6. Be2 {[%clk 1:32:15]} Nc6 {[%clk 1:24:05]} 7. O-O {[%clk 1:32:17]} cxd4
{[%clk 1:22:44]} 8. cxd4 {[%clk 1:32:40]} Be7 {[%clk 1:15:48]} 9. Nc3
{[%clk 1:33:00]} Qd8 {[%clk 1:09:22]} 10. Bf4 {[%clk 1:31:25]} O-O
{[%clk 1:08:30]} 11. Rc1 {[%clk 1:31:02]} a6 {[%clk 1:01:21]} 12. Bd3
{[%clk 1:26:51]} Nb4 {[%clk 0:54:06]} 13. Bb1 {[%clk 1:27:10]} Bd7
{[%clk 0:23:29]} 14. Ne5 {[%clk 1:18:14]} Bc6 {[%clk 0:20:46]} 15. a3
{[%clk 1:00:10]} Nbd5 {[%clk 0:20:54]} 16. Nxc6 {[%clk 0:59:58]} bxc6
{[%clk 0:21:05]} 17. Be5 {[%clk 1:00:10]} Bd6 {[%clk 0:08:48]} 18. Qd3
{[%clk 0:53:06]} g6 {[%clk 0:04:30]} 19. Na4 {[%clk 0:41:56]} Bxe5
{[%clk 0:02:09]} 20. dxe5 {[%clk 0:42:24]} Nd7 {[%clk 0:01:38]} 21. f4
{[%clk 0:35:06]} Qa5 {[%clk 0:01:42]} 22. Qd4 {[%clk 0:35:04]} Rfc8
{[%clk 0:01:17]} 23. Nc3 {[%clk 0:30:05]} c5 {[%clk 0:00:39]} 24. Qf2
{[%clk 0:29:46]} Nxc3 {[%clk 0:00:36]} 25. Rxc3 {[%clk 0:30:13]} Rab8
{[%clk 0:00:41]} 26. Rfc1 {[%clk 0:26:56]} Rd8 {[%clk 0:00:35]} 27. Rh3
{[%clk 0:20:17]} Qb6 {[%clk 0:00:35]} 28. b3 {[%clk 0:18:06]} Nf8
{[%clk 0:00:42]} 29. Rhc3 {[%clk 0:12:11]} Rd4 {[%clk 0:00:46]} 30. Bd3
{[%clk 0:02:59]} Rbd8 {[%clk 0:01:09]} 31. Bf1 {[%clk 0:03:10]} Qa5
{[%clk 0:00:41]} 32. a4 {[%clk 0:02:34]} Qb4 {[%clk 0:00:59]} 33. g3
{[%clk 0:02:01]} Qb6 {[%clk 0:00:34]} 34. Qe3 {[%clk 0:01:48]} Rd2
{[%clk 0:00:39]} 35. Qxc5 {[%clk 0:01:20]} Qb7 {[%clk 0:00:33]} 36. Qc6
{[%clk 0:01:03]} Qb4 {[%clk 0:00:41]} 37. Qc4 {[%clk 0:00:51]} Qa3
{[%clk 0:00:35]} 38. R3c2 {[%clk 0:00:44]} a5 {[%clk 0:00:37]} 39. Qc3
{[%clk 0:00:48]} Rd1 {[%clk 0:00:38]} 40. Qc4 {[%clk 0:30:34]} Rxc1
{[%clk 0:30:34]} 41. Rxc1 {[%clk 0:29:15]} Rd2 {[%clk 0:27:20]} 42. Rc2
{[%clk 0:27:02]} Rd1 {[%clk 0:26:47]} 43. Qb5 {[%clk 0:15:46]} Qa1
{[%clk 0:24:46]} 44. Qc4 {[%clk 0:09:58]} Qb1 {[%clk 0:23:49]} 45. Rf2
{[%clk 0:08:03]} Kg7 {[%clk 0:18:54]} 46. Qb5 {[%clk 0:05:19]} Rd5
{[%clk 0:18:29]} 47. Qc4 {[%clk 0:05:08]} Rd1 {[%clk 0:17:51]} 48. Qb5
{[%clk 0:05:14]} Nd7 {[%clk 0:13:50]} 49. Qxa5 {[%clk 0:04:51]} Qxb3
{[%clk 0:14:03]} 50. Qb5 {[%clk 0:04:30]} Qe3 {[%clk 0:13:22]} 51. Qe2
{[%clk 0:03:29]} Qd4 {[%clk 0:13:26]} 52. Qc2 {[%clk 0:02:48]} Nc5
{[%clk 0:13:25]} 53. Kg2 {[%clk 0:01:44]} Nxa4 {[%clk 0:09:39]} 54. Kh3
{[%clk 0:01:18]} Nc5 {[%clk 0:08:55]} 55. Bg2 {[%clk 0:00:58]} Nd3
{[%clk 0:06:00]} 56. Re2 {[%clk 0:01:22]} Ne1 {[%clk 0:05:22]} 57. Qb2
{[%clk 0:00:59]} Qxb2 {[%clk 0:00:58]} 58. Rxb2 {[%clk 0:01:27]} Nxg2 1/2-1/2

[Event "d18"]
[Site "?"]
[Date "2014.03.30"]
[Round "9.8"]
[White "Cyboran, Katarzyna"]
[Black "Larysz, Anna"]
[Result "1-0"]
[LiveChessVersion "1.4.2"]
[BlackElo "1568"]
[WhiteElo "1760"]

1. e4 {[%clk 1:30:56]} e6 {[%clk 1:30:57]} 2. d3 {[%clk 1:30:57]} d5
{[%clk 1:31:17]} 3. Nd2 {[%clk 1:31:21]} Be7 {[%clk 1:31:31]} 4. g3
{[%clk 1:31:38]} Nf6 {[%clk 1:31:30]} 5. Bg2 {[%clk 1:31:19]} b6 {[%clk 1:31:47]}
6. Ngf3 {[%clk 1:06:18]} Bb7 {[%clk 1:31:06]} 7. e5 {[%clk 1:00:40]} Nfd7
{[%clk 1:31:24]} 8. O-O {[%clk 1:00:42]} c5 {[%clk 1:30:46]} 9. c4
{[%clk 0:56:57]} Nc6 {[%clk 1:27:04]} 10. cxd5 {[%clk 0:55:30]} exd5
{[%clk 1:27:26]} 11. Re1 {[%clk 0:54:17]} O-O {[%clk 1:22:05]} 12. d4
{[%clk 0:39:21]} Qc7 {[%clk 1:16:51]} 13. Nb3 {[%clk 0:29:24]} c4
{[%clk 1:13:40]} 14. Nbd2 {[%clk 0:26:41]} Rfe8 {[%clk 1:11:56]} 15. Nb1
{[%clk 0:21:43]} f6 {[%clk 1:05:42]} 16. Bf4 {[%clk 0:14:55]} Qd8
{[%clk 1:01:43]} 17. Nc3 {[%clk 0:13:34]} Nf8 {[%clk 1:02:01]} 18. exf6
{[%clk 0:12:54]} Bxf6 {[%clk 1:02:06]} 19. Rxe8 {[%clk 0:13:16]} Qxe8
{[%clk 1:02:04]} 20. Nxd5 {[%clk 0:13:36]} Qf7 {[%clk 1:01:24]} 21. Nxf6+
{[%clk 0:11:54]} Qxf6 {[%clk 1:01:39]} 22. Ne5 {[%clk 0:10:43]} Rd8
{[%clk 0:58:01]} 23. Qa4 {[%clk 0:09:25]} Nxe5 {[%clk 0:50:00]} 24. dxe5
{[%clk 0:09:30]} Qf7 {[%clk 0:50:24]} 25. Bxb7 {[%clk 0:09:24]} Qxb7
{[%clk 0:50:42]} 26. Qxc4+ {[%clk 0:09:48]} Kh8 {[%clk 0:49:18]} 27. Rc1
{[%clk 0:09:49]} Ng6 {[%clk 0:47:16]} 28. e6 {[%clk 0:08:31]} h6 {[%clk 0:42:31]}
29. h4 {[%clk 0:07:08]} Re8 {[%clk 0:35:23]} 30. h5 {[%clk 0:04:27]} Nf8
{[%clk 0:31:35]} 31. Qc7 {[%clk 0:01:17]} Qd5 {[%clk 0:30:25]} 32. e7
{[%clk 0:01:19]} Ne6 {[%clk 0:29:57]} 33. Qd6 {[%clk 0:01:20]} Nxf4
{[%clk 0:27:40]} 34. Qxf4 {[%clk 0:01:47]} Qxh5 {[%clk 0:27:48]} 35. g4
{[%clk 0:01:20]} Qg6 {[%clk 0:26:31]} 36. Re1 {[%clk 0:00:40]} Qf6
{[%clk 0:23:10]} 37. Qd2 {[%clk 0:00:44]} Kg8 {[%clk 0:13:21]} 38. Qd5+
{[%clk 0:00:54]} Qf7 {[%clk 0:12:59]} 39. Qd7 {[%clk 0:01:09]} a5
{[%clk 0:12:10]} 40. Re6 {[%clk 0:31:06]} b5 {[%clk 0:41:12]} 41. f4
{[%clk 0:25:02]} g6 {[%clk 0:38:23]} 42. Qd6 {[%clk 0:14:24]} Kg7
{[%clk 0:35:02]} 43. Qe5+ {[%clk 0:13:55]} Kh7 {[%clk 0:34:47]} 44. g5
{[%clk 0:10:32]} Qg7 {[%clk 0:29:14]} 45. Qf6 {[%clk 0:04:29]} hxg5
{[%clk 0:24:31]} 46. fxg5 {[%clk 0:04:54]} Qg8 {[%clk 0:23:34]} 47. Re4
{[%clk 0:04:21]} Qg7 {[%clk 0:22:50]} 48. Rh4+ {[%clk 0:04:25]} Kg8
{[%clk 0:23:10]} 49. Qe6+ {[%clk 0:04:36]} Qf7 {[%clk 0:23:11]} 50. Rh8+
{[%clk 0:04:46]} 1-0

[Event "d18"]
[Site "?"]
[Date "2014.03.30"]
[Round "9.9"]
[White "Cichocka, Urszula"]
[Black "Ziemba, Magdalena"]
[Result "0-1"]
[LiveChessVersion "1.4.2"]
[BlackElo "1554"]
[WhiteElo "1731"]

1. c4 {[%clk 1:30:55]} e6 {[%clk 1:30:29]} 2. Nc3 {[%clk 1:25:33]} d5
{[%clk 1:27:39]} 3. d4 {[%clk 1:22:59]} Bb4 {[%clk 1:22:21]} 4. a3
{[%clk 1:17:38]} Bxc3+ {[%clk 1:22:04]} 5. bxc3 {[%clk 1:18:01]} b6
{[%clk 1:14:10]} 6. cxd5 {[%clk 1:09:56]} exd5 {[%clk 1:10:19]} 7. Nf3
{[%clk 1:07:02]} c5 {[%clk 1:05:25]} 8. Bg5 {[%clk 0:55:30]} f6 {[%clk 0:59:52]}
9. Bf4 {[%clk 0:54:52]} Nc6 {[%clk 0:53:05]} 10. e3 {[%clk 0:54:32]} c4
{[%clk 0:50:43]} 11. e4 {[%clk 0:52:36]} Nge7 {[%clk 0:42:34]} 12. Nd2
{[%clk 0:43:45]} Be6 {[%clk 0:26:00]} 13. Be2 {[%clk 0:40:42]} b5
{[%clk 0:20:01]} 14. Bf3 {[%clk 0:33:15]} O-O {[%clk 0:17:42]} 15. O-O
{[%clk 0:32:51]} Ng6 {[%clk 0:16:53]} 16. Bg3 {[%clk 0:32:27]} Qd7
{[%clk 0:15:06]} 17. exd5 {[%clk 0:29:00]} Bxd5 {[%clk 0:15:22]} 18. Ne4
{[%clk 0:29:02]} Bxe4 {[%clk 0:13:39]} 19. Bxe4 {[%clk 0:29:22]} f5
{[%clk 0:13:31]} 20. Bxc6 {[%clk 0:23:58]} Qxc6 {[%clk 0:14:00]} 21. Be5
{[%clk 0:24:19]} Nxe5 {[%clk 0:12:24]} 22. dxe5 {[%clk 0:24:40]} Rfe8
{[%clk 0:12:19]} 23. f4 {[%clk 0:24:02]} Rad8 {[%clk 0:10:17]} 24. Qc2
{[%clk 0:17:23]} Rd3 {[%clk 0:06:49]} 25. a4 {[%clk 0:12:18]} b4 {[%clk 0:02:12]}
26. cxb4 {[%clk 0:12:19]} Qb6+ {[%clk 0:02:30]} 27. Kh1 {[%clk 0:12:05]} Qxb4
{[%clk 0:02:11]} 28. Rab1 {[%clk 0:09:54]} Qc5 {[%clk 0:02:14]} 29. Rfc1
{[%clk 0:09:53]} Red8 {[%clk 0:02:20]} 30. h3 {[%clk 0:09:05]} c3
{[%clk 0:02:03]} 31. Rb7 {[%clk 0:06:26]} Qd5 {[%clk 0:01:32]} 32. Qb3
{[%clk 0:05:18]} Qxb3 {[%clk 0:01:38]} 33. Rxb3 {[%clk 0:05:36]} Rd1+
{[%clk 0:02:03]} 34. Rxd1 {[%clk 0:05:15]} Rxd1+ {[%clk 0:02:32]} 35. Kh2
{[%clk 0:05:38]} c2 {[%clk 0:02:42]} 36. e6 {[%clk 0:05:48]} Kf8 {[%clk 0:02:05]}
37. Rb8+ {[%clk 0:01:24]} Ke7 {[%clk 0:02:29]} 0-1